000 00352nam a2200145Ia 4500
008 150201s2009 xx 000 0 und d
082 _a610.7368
_bF09D
100 _aDOOHER, JAMES
245 _aFUNDAMENTAL ASPECTS OF MENTAL HEALTH NURSING
250 _a1ST
260 _bCBS
_aDELHI
_c2009
300 _a212
650 _aPSYCHIATRY
942 _2ddc
_cBK
999 _c2312
_d2312